| 000 | 01144ngm a22003490a 4500 | ||
|---|---|---|---|
| 001 | PT39878 | ||
| 003 | AR-LpoUNG | ||
| 005 | 20210201235843.0 | ||
| 007 | vd cvaizq | ||
| 008 | 191001s2003||||ag |||||||||||||||||spa d | ||
| 037 | _c$10 | ||
| 040 |
_aAR-LpoUNG _bspa _cAR-LpoUNG _eaacr |
||
| 041 | _aspa | ||
| 044 | _aag | ||
| 082 | 0 | _a303.385 577edi | |
| 100 | 1 |
_aLucas, Hernan _edir. |
|
| 245 | 1 | 0 | _aEdificio |
| 260 |
_aBuenos Aires : _bPico y pala, _c2003. |
||
| 300 | _aDVD (29 min.) : son., byn. | ||
| 520 | _aEdificio fue realizado íntegramente con imágenes provenientes de cámaras de seguridad ubicadas en 10 edificios de la Ciudad de Buenos Aires, exhibe sonidos que refieren a un fuera de campo vinculado a las imágenes pero remoto: se trata de una interpretación de la acción más que de una representación de la misma. | ||
| 650 | 4 | _aDELINCUENCIA | |
| 650 | 4 | _aVIOLENCIA | |
| 651 | 4 | _aArgentina | |
| 653 | _aCINE ARGENTINO | ||
| 653 | _aCINE EXPERIMENTAL | ||
| 653 | _aDOCUMENTALES | ||
| 653 | _aINSEGURIDAD | ||
| 653 | _aVIDEOS | ||
| 700 | 1 |
_aMartínez, Marcos _edir. |
|
| 905 | _a39878 | ||
| 942 | _cDVD | ||
| 999 |
_c53612 _d53612 |
||